000 00264nam a22001097a 4500
008 160507b xxu||||| |||| 00| 0 eng d
020 _a0683302655
041 _aeng
080 _a616
245 _aPathology:
_cArthur S. Schneider; Philip A. Szanto;
942 _2udc
_cBK
999 _c1883
_d1883